RWBY - Semblances - Statistics

General Stats
  • This quiz has been taken 13 times
  • The average score is 17 of 36
Answer Stats
Character Type Semblance % Correct
Weiss Schnee, Winter Schnee, Willow Schnee Movement, Creation Glyphs
90%
Blake Belladonna Clone, Movement Shadow
90%
Pyrrha Nikos Control Polarity
80%
Jaune Arc Effect Aura Amp
70%
Yang Xiao Long Offense Burn
70%
Qrow Branwen Probability Manipulation Misfortune
70%
Ruby Rose Speed Petal Burst
70%
Marrow Amin Effect Freeze/Stay
60%
Clover Ebi Probability Manipulation Good Fortune
60%
Neopolitan Creation Overactive Imagination
60%
Velvet Scarlatina Intelligence Photographic Memory
60%
Glynda Goodwitch Control Telekinesis
60%
Elm Ederne Creation Aura Roots
50%
Emerald Sustrai Intelligence Hallucinations
50%
Nora Valkyrie Offense High Voltage
50%
Robyn Hill Intelligence Lie Detection
50%
Adam Taurus Offense Moon Slice
50%
Maria Calavera Defense Preflexes
50%
Lie Ren Stealth Tranquility
50%
Sun Wukong Clone Via Sun
50%
Vine Zeki Creation Aura Vines
40%
Coco Adel Offense Hype
40%
Flynt Coal Clone Killer Quartet
40%
Raven Branwen Movement Kindred Link
40%
James Ironwood Intelligence Mettle
40%
Cinder Fall Control, Effect Scorching Caress
40%
Harriet Bree Speed Super-Speed
40%
Fox Alistair Intelligence Telepathy
40%
Tyrian Callows Offense Aura Disruption
30%
Hazel Rainart Effect Numbing Agent
30%
Tock Defense Invulnerability
20%
Scarlet David Movement Gliding
10%
Fiona Thyme Spacial Pocket Dimensions
10%
Octavia Ember Speed Sandskating
10%
May Marigold Stealth Invisibility Field
0%
Rhodes Defense Metal Skin
0%
No matching quizzes found
Score Distribution
Percent of People with Each Score
Percentile by Number Answered
Your Score History
You have not taken this quiz